[Event "Moscow Open 2009 B"]
[Site "www.moscowchessopen.ru"]
[Date "2009.02.03"]
[Round "4.30"]
[White "Tiukaev, Ilgiz"]
[Black "Musaev, Mansur"]
[Result "1-0"]
[WhiteElo "2134"]
[BlackElo "2266"]
[Annotator ""]
[Source ""]
[Remark ""]

1.e4 c5 2.Nc3 d6 3.g3 Nc6 4.Bg2 g6 5.f4 e6 6.Nf3 Nge7 7.O-O Bg7
8.d3 O-O 9.Be3 Nd4 10.Bf2 Rb8 11.Nxd4 cxd4 12.Ne2 e5 13.c3 dxc3
14.Nxc3 b6 15.Be3 Be6 16.d4 Bc4 17.Rf2 exf4 18.gxf4 f5 19.e5
b5 20.b3 Bf7 21.b4 g5 22.Qe1 Ng6 23.Rd1 gxf4 24.Bxf4 Re8 25.Qe3
Rc8 26.Qg3 Nxf4 27.Rxf4 dxe5 28.Rxf5 Bg6 29.Rf2 exd4 30.Nd5 Kh8
31.Nf4 Bc2 32.Nh5 Be5 33.Rf8+ Rxf8 34.Qxe5+ Rf6 35.Rf1 Qd6 36.Qxf6+
Qxf6 37.Rxf6 Rd8 38.Kf2 d3 39.Be4 Bd1 40.Nf4 d2 41.Ne6 Bg4 42.Bc2
Bxe6 43.Rxe6 d1Q 44.Bxd1 Rxd1 45.Re8+ Kg7 46.Re7+ Kg6 47.Rxa7
Rb1 48.a3 Rb3 49.Ra5 Kf6 50.h4 Ke6 51.h5 Rh3 52.h6 Kd6 53.Kg2
Rc3 54.Ra7 Ke6 55.Rxh7 Rxa3 56.Rb7 Ra2+ 57.Kg3 Kf6 58.h7 Ra8
59.Rxb5 Kg7 60.Rb7+ Kh8 61.Kf4 Ra7 62.Rb8+ Kxh7 63.Ke5 Kg7 64.Kd6
Kf7 65.b5 Ra1 66.b6 Rb1 67.Kc7 Rb2 68.Rc8 Ke7 69.b7 Rc2+ 70.Kb8
Ra2 71.Rc6 Kd7 72.Rc4 Rd2 73.Ra4 Rb2 74.Ka8 Kc7 75.Rc4+ Kd7 76.b8Q
Ra2+ 77.Qa7+ 1-0

[Event "Moscow Open 2009 B"]
[Site "www.moscowchessopen.ru"]
[Date "2009.02.03"]
[Round "4.31"]
[White "Kruchev, Boris"]
[Black "Menshikov, Alexander"]
[Result "1-0"]
[WhiteElo "2263"]
[BlackElo "2174"]
[Annotator ""]
[Source ""]
[Remark ""]

1.e4 c5 2.Nf3 Nc6 3.Nc3 Nf6 4.d4 d5 5.exd5 Nxd5 6.Nxd5 Qxd5 7.Be3
cxd4 8.Nxd4 Nxd4 9.Qxd4 Qxd4 10.Bxd4 Bd7 11.Bc4 Bc6 12.O-O e6
13.f4 Bd6 14.Rad1 Ke7 15.Rde1 Rhd8 16.c3 Kf8 17.f5 e5 18.Be3
b5 19.Bb3 f6 20.Rd1 Be7 21.Kf2 a5 22.Be6 Rxd1 23.Rxd1 Rd8 24.Rxd8+
Bxd8 25.g3 Be7 26.Bb6 a4 27.Ke3 Bd6 28.Kd3 Ke7 29.c4 g6 30.Bg8
gxf5 31.c5 Bb8 32.Bxh7 Bd5 33.Bxf5 Bxa2 34.Kc3 Bc4 35.Be4 Kd7
36.g4 Be2 37.h3 Ke6 38.Kb4 Bf1 39.h4 Be2 40.Bf5+ Kd5 41.h5 e4
42.h6 Bf4 43.h7 Bd2+ 44.Ka3 1-0

[Event "Moscow Open 2009 B"]
[Site "www.moscowchessopen.ru"]
[Date "2009.02.03"]
[Round "4.32"]
[White "Shcherbin, Matvei"]
[Black "Drogilov, Alexander"]
[Result "1-0"]
[WhiteElo "2262"]
[BlackElo "2166"]
[Annotator ""]
[Source ""]
[Remark ""]

1.e4 c6 2.d4 d5 3.exd5 cxd5 4.Bd3 Nf6 5.c3 Bg4 6.Nf3 Nc6 7.O-O
Qc7 8.Bg5 e6 9.Nbd2 Bd6 10.Qc2 Bh5 11.Rfe1 Bg6 12.Rac1 a6 13.a3
O-O 14.Bxg6 hxg6 15.Qd3 b5 16.Qe2 Nh7 17.Bh4 Bf4 18.Rcd1 Nf6
19.h3 Ne7 20.Bg5 Bxd2 21.Nxd2 Nh7 22.Qg4 Nxg5 23.Qxg5 Nf5 24.Nf3
a5 25.Rc1 Rfc8 26.h4 Nd6 27.h5 Ne4 28.Qh4 gxh5 29.Qxh5 Qf4 30.g3
Qh6 31.Qxh6 gxh6 32.Kg2 Kg7 33.Ne5 Rc7 34.Rh1 Rac8 35.Nd3 Rc4
36.Rce1 Nxc3 37.bxc3 Rxc3 38.Rc1 R8c4 39.Rxc3 Rxc3 40.Ne5 Rxa3
41.Rc1 Ra4 42.Rc7 Rxd4 43.Rxf7+ Kg8 44.Rb7 Re4 45.Nc6 a4 46.Rxb5
Kf7 47.Ra5 Kf6 48.Ra6 h5 49.f3 Rc4 50.Nd8 Rc2+ 51.Kh3 Re2 52.Rxa4
e5 53.Ra6+ Kf5 54.Nc6 d4 55.Ne7+ 1-0

[Event "Moscow Open 2009 B"]
[Site "www.moscowchessopen.ru"]
[Date "2009.02.03"]
[Round "4.33"]
[White "Muromtsev, Arthur"]
[Black "Mosionzhik, Ilya"]
[Result "1-0"]
[WhiteElo "2259"]
[BlackElo "2162"]
[Annotator ""]
[Source ""]
[Remark ""]

1.e4 e5 2.Nf3 d6 3.Bc4 Be6 4.Bxe6 fxe6 5.d4 Nc6 6.Nc3 exd4 7.Nxd4
Qf6 8.Nxc6 bxc6 9.O-O g6 10.f4 Bg7 11.e5 Qe7 12.Qf3 d5 13.Na4
Qb4 14.b3 Nh6 15.Be3 Bf8 16.c4 Nf5 17.Bf2 Be7 18.Rac1 Qd2 19.cxd5
cxd5 20.Rxc7 Bd8 21.Rb7 O-O 22.Rd1 Qxa2 23.Nc5 Bb6 24.Nxe6 Nh4
25.Qg3 Nf5 26.Qf3 Nh4 27.Qxd5 Qxf2+ 28.Kh1 Kh8 29.Ng5 Qxg2+ 30.Qxg2
Nxg2 31.Rdd7 Rfe8 32.Rxh7+ Kg8 33.Kxg2 Bd8 34.Ne4 g5 35.Nd6 Re6
36.Rbg7+ Kf8 37.Nf5 1-0

[Event "Moscow Open 2009 B"]
[Site "www.moscowchessopen.ru"]
[Date "2009.02.03"]
[Round "4.34"]
[White "Kharlamov, Igor"]
[Black "Andreev, Viktor"]
[Result "1/2-1/2"]
[WhiteElo "2088"]
[BlackElo "2258"]
[Annotator ""]
[Source ""]
[Remark ""]

1.Nf3 d6 2.d4 g6 3.c4 Bg7 4.Nc3 Nf6 5.e4 O-O 6.Be2 e5 7.O-O Nc6
8.d5 Ne7 9.b4 a5 10.Ba3 Nd7 11.bxa5 Rxa5 12.Bb4 Ra8 13.a4 f5
14.Ng5 Nf6 15.c5 Nxe4 16.Ncxe4 fxe4 17.cxd6 cxd6 18.Nxe4 Rf4
19.Bf3 Bf5 20.Re1 Bxe4 21.Rxe4 Rxe4 22.Bxe4 Nf5 23.Rb1 Qd7 24.a5
Nd4 25.h3 Rc8 26.Bd2 Rc5 27.Bd3 Bf8 28.Rb6 Rc7 29.Qb1 Qf7 30.Qa2
e4 31.Bc4 Qf6 32.a6 bxa6 33.Qxa6 Nc2 34.Rc6 Rf7 35.Qb6 Qa1+ 36.Bf1
Qd1 37.Be3 Nxe3 38.Qxe3 Qxd5 39.Rc4 Re7 40.Rd4 Qe5 41.Bc4+ Kh8
42.Bd5 Ra7 43.g3 Ra5 1/2-1/2

[Event "Moscow Open 2009 B"]
[Site "www.moscowchessopen.ru"]
[Date "2009.02.03"]
[Round "4.35"]
[White "Tarasova, Viktoriya"]
[Black "Matveev, Stanislav"]
[Result "1/2-1/2"]
[WhiteElo "2257"]
[BlackElo "2161"]
[Annotator ""]
[Source ""]
[Remark ""]

1.d4 Nf6 2.c4 g6 3.Nc3 Bg7 4.e4 O-O 5.Nf3 d6 6.Be2 e5 7.Be3 Ng4
8.Bg5 f6 9.Bc1 f5 10.exf5 gxf5 11.h3 exd4 12.hxg4 dxc3 13.Qd5+
Rf7 14.Ng5 Qe8 15.Rb1 fxg4 16.bxc3 Na6 17.Qxf7+ Qxf7 18.Nxf7
Kxf7 19.O-O Nc5 20.f3 g3 21.Bf4 Bf5 22.Bxg3 Bxb1 23.Rxb1 Re8
24.Kf1 Bxc3 25.Bf2 b6 1/2-1/2

[Event "Moscow Open 2009 B"]
[Site "www.moscowchessopen.ru"]
[Date "2009.02.03"]
[Round "4.36"]
[White "Bazarov, Konstantin"]
[Black "Zavialov, Vladimir"]
[Result "1/2-1/2"]
[WhiteElo "2256"]
[BlackElo "2157"]
[Annotator ""]
[Source ""]
[Remark ""]

1.Nf3 Nf6 2.c4 e6 3.Nc3 Bb4 4.Qb3 a5 5.a3 Bxc3 6.Qxc3 d6 7.b3
e5 8.Bb2 O-O 9.g3 Nbd7 10.Bg2 Nc5 11.O-O a4 12.b4 Nb3 13.Rad1
Bg4 14.h3 Bh5 15.Rfe1 Qe7 16.d4 e4 17.Nh4 Bg6 18.Nxg6 hxg6 19.d5
b6 20.e3 Rfe8 21.f3 exf3 22.Bxf3 Qf8 23.e4 Nd7 24.Bg2 Ne5 25.Bf1
Re7 26.Kg2 Qc8 27.Bd3 f6 28.Bc2 g5 29.Rf1 g4 30.h4 Nf3 31.Rxf3
gxf3+ 32.Qxf3 Qe8 33.h5 Re5 34.h6 Qh5 35.Bxe5 Qxf3+ 36.Kxf3 fxe5
37.h7+ Kxh7 38.Rh1+ Kg6 39.Ke3 Nd4 40.Bd1 Kf6 41.Rf1+ Ke7 42.Bh5
Rh8 43.Rf7+ Kd8 44.g4 g5 45.Kd3 Kc8 46.c5 bxc5 47.bxc5 dxc5 48.Kc4
Rh6 49.Kxc5 Rb6 50.Rf8+ Kb7 51.Re8 Nf3 52.Bf7 Rb3 53.Re7 Rb6
54.Be8 Nd4 55.Bxa4 Ra6 56.Be8 Rxa3 57.Rxe5 Nf3 58.Bc6+ Ka7 59.Re8
Rc3+ 60.Kb4 Rc1 61.Ra8+ Kb6 62.Rb8+ Ka6 63.Rf8 Ne5 64.Rf5 Nxg4
65.Rxg5 Nf2 66.e5 Kb6 67.e6 Rb1+ 68.Kc4 Re1 69.Rg8 Re4+ 70.Kc3
Re5 1/2-1/2

[Event "Moscow Open 2009 B"]
[Site "www.moscowchessopen.ru"]
[Date "2009.02.03"]
[Round "4.37"]
[White "Zarivkina, Victorya"]
[Black "Merezhko, Igor"]
[Result "1/2-1/2"]
[WhiteElo "2058"]
[BlackElo "2254"]
[Annotator ""]
[Source ""]
[Remark ""]

1.e4 c5 2.g3 Nc6 3.Bg2 g6 4.Ne2 Bg7 5.d3 e6 6.f4 Nge7 7.c3 d5
8.O-O d4 9.cxd4 Nxd4 10.Be3 O-O 11.Na3 b6 12.Nxd4 Bxd4 13.Qe2
Nc6 14.e5 Bb7 15.Nc4 Na5 16.Nxa5 Bxg2 17.Kxg2 Qd5+ 18.Rf3 bxa5
19.Bxd4 Qxd4 20.Rc1 Rab8 21.b3 Rfd8 22.Qf2 a4 23.Qxd4 Rxd4 24.bxa4
Rxa4 25.Rf2 Rb5 26.Rfc2 Rba5 27.Rxc5 Rxa2+ 28.R1c2 R5a3 29.Rxa2
Rxa2+ 30.Kh3 Kg7 31.d4 h6 32.d5 exd5 33.Rxd5 g5 34.Kg4 gxf4 35.gxf4
Rxh2 36.Rd7 a5 37.e6 Kf6 38.exf7 Kg7 39.Ra7 Ra2 40.Kh5 a4 41.f8Q+
Kxf8 42.Kxh6 a3 1/2-1/2

[Event "Moscow Open 2009 B"]
[Site "www.moscowchessopen.ru"]
[Date "2009.02.03"]
[Round "4.38"]
[White "Eliseev, Urii"]
[Black "Bukhteeva, Viktoria"]
[Result "1-0"]
[WhiteElo "2249"]
[BlackElo "2154"]
[Annotator ""]
[Source ""]
[Remark ""]

1.e4 d5 2.exd5 Nf6 3.d4 Bg4 4.f3 Bf5 5.g4 Bg6 6.c4 e6 7.Nc3 c5
8.Be3 Nfd7 9.Nge2 Be7 10.Nf4 Bh4+ 11.Bf2 Qf6 12.Nxg6 hxg6 13.Ne4
Qf4 14.Bxh4 Rxh4 15.Qd2 Qxf3 16.Bg2 Qxg4 17.O-O exd5 18.Nd6+
Kf8 19.Rxf7+ Kg8 20.Raf1 Nf6 21.Rxb7 Nc6 22.dxc5 Nd4 23.Re7 Rd8
24.Qe3 Rd7 25.Re5 Nc2 26.Qd2 Nd4 27.cxd5 Nxd5 28.Re4 Nf4 29.Rfxf4
Ne2+ 30.Qxe2 Qxe2 31.Rxe2 Rxf4 32.Bd5+ Kh7 33.Re3 g5 34.Re4 Rf6
35.Re6 1-0

[Event "Moscow Open 2009 B"]
[Site "www.moscowchessopen.ru"]
[Date "2009.02.03"]
[Round "4.39"]
[White "Rossinskaya, Ljudmilla"]
[Black "Baranov, Ilja"]
[Result "1/2-1/2"]
[WhiteElo "1938"]
[BlackElo "2247"]
[Annotator ""]
[Source ""]
[Remark ""]

1.e4 d5 2.exd5 Qxd5 3.d4 Nc6 4.Nf3 Bg4 5.Be2 O-O-O 6.c3 e5 7.Be3
Nf6 8.O-O e4 9.Ng5 Bxe2 10.Qxe2 h6 11.Nh3 Bd6 12.Nd2 g5 13.Nc4
g4 14.Nxd6+ Rxd6 15.Nf4 Qf5 16.b4 Nh7 17.f3 gxf3 18.gxf3 Re8
19.Ng2 Rg6 20.Kh1 Rge6 21.fxe4 Qxe4 22.Qf3 Qd3 23.Bf4 Qxf3 24.Rxf3
Ne7 25.Raf1 Nd5 26.Bc1 Ng5 27.Bxg5 hxg5 28.a3 b5 29.Rxf7 Re2
30.Rf8 Rxf8 31.Rxf8+ Kb7 32.Rf5 Kc6 33.Rxg5 Ra2 34.h4 Rxa3 35.h5
Rxc3 36.Kh2 Rf3 37.Rg6+ Kb7 38.Rg5 c6 39.Nh4 Rf2+ 40.Kg3 Rf1 1/2-1/2

[Event "Moscow Open 2009 B"]
[Site "www.moscowchessopen.ru"]
[Date "2009.02.03"]
[Round "4.40"]
[White "Pletnev, Evgeniy"]
[Black "Lozbenev, Pavel"]
[Result "1/2-1/2"]
[WhiteElo "2246"]
[BlackElo "2095"]
[Annotator ""]
[Source ""]
[Remark ""]

1.d4 d5 2.Bg5 h6 3.Bh4 c5 4.dxc5 Qa5+ 5.Nc3 g5 6.Bg3 Bg7 7.Qd2
d4 8.Nd5 Qxd2+ 9.Kxd2 Na6 10.e3 dxe3+ 11.fxe3 Be6 12.e4 Bxd5
13.exd5 Nxc5 14.Bb5+ Kf8 15.Re1 Nf6 16.Kc1 a6 17.Bc4 b5 18.Be2
Nxd5 19.Bf3 Rd8 20.h4 Nf6 21.Be5 g4 22.Bxf6 Bxf6 23.Bxg4 Rd4
24.Bf5 e6 25.Bh3 Rb4 26.c3 Rxh4 27.Rf1 Kg7 28.g4 Nd3+ 29.Kc2
Ne5 30.Nf3 Nxf3 31.Rxf3 h5 32.Rg1 Bg5 33.gxh5 R4xh5 34.Bg4 Rh2+
35.Kb3 Kg6 36.Rfg3 Rh1 37.R1g2 R8h2 38.Bf3 Rxg2 39.Rxg2 Rh3 40.Be2
Rh4 41.Bf3 Rh3 1/2-1/2

[Event "Moscow Open 2009 B"]
[Site "www.moscowchessopen.ru"]
[Date "2009.02.03"]
[Round "4.42"]
[White "Orlov, Oleg"]
[Black "Kreines, Mikhail"]
[Result "1-0"]
[WhiteElo "2299"]
[BlackElo "2041"]
[Annotator ""]
[Source ""]
[Remark ""]

1.Nf3 Nf6 2.c4 e6 3.g3 d5 4.Bg2 Be7 5.d4 O-O 6.O-O dxc4 7.Qc2
a6 8.Qxc4 b5 9.Qc2 Bb7 10.Bf4 Bd6 11.Nbd2 Qe7 12.Bg5 Nbd7 13.e4
e5 14.Nh4 Bb4 15.Nf5 Qe6 16.d5 Qb6 17.Be3 c5 18.Nb3 Qc7 19.a3
Ba5 20.Nxa5 Qxa5 21.Bxc5 Nxc5 22.Qxc5 Qd8 23.Rac1 Ne8 24.Ne7+
Kh8 25.Ng6+ hxg6 26.Qxf8+ 1-0

[Event "Moscow Open 2009 B"]
[Site "www.moscowchessopen.ru"]
[Date "2009.02.03"]
[Round "4.43"]
[White "Muhtarov, Leonid"]
[Black "Benza, Artem"]
[Result "1-0"]
[WhiteElo "2124"]
[BlackElo "2298"]
[Annotator ""]
[Source ""]
[Remark ""]

1.Nf3 g6 2.c4 Bg7 3.d4 d6 4.g3 Nf6 5.Nc3 O-O 6.Bg2 Nc6 7.d5 Na5
8.Nd2 c5 9.Qc2 a6 10.b3 Rb8 11.Bb2 b5 12.O-O e6 13.Rae1 bxc4
14.bxc4 Bd7 15.Nd1 Rb4 16.Bc3 Ra4 17.dxe6 fxe6 18.e4 e5 19.Ne3
Qe8 20.Rb1 Bh6 21.Rfe1 Bxe3 22.Rxe3 Ng4 23.Rf3 Nxc4 24.Nxc4 Rxc4
25.Qd3 Qe6 26.Rxf8+ Kxf8 27.Rb8+ Ke7 28.Bh3 Qf7 29.f3 Nf6 30.Rb6
d5 31.Bxe5 Rc1+ 32.Kg2 Bxh3+ 33.Kxh3 Nd7 34.Rb7 Ke8 35.Qxa6 1-0

[Event "Moscow Open 2009 B"]
[Site "www.moscowchessopen.ru"]
[Date "2009.02.03"]
[Round "4.44"]
[White "Gaboev, Batraz"]
[Black "Kovtunenko, Alexandr"]
[Result "0-1"]
[WhiteElo "2120"]
[BlackElo "2294"]
[Annotator ""]
[Source ""]
[Remark ""]

1.e4 e6 2.d4 d5 3.exd5 exd5 4.Bd3 Bd6 5.Nc3 c6 6.Nge2 Qc7 7.Bg5
Ne7 8.Qd2 O-O 9.O-O-O b5 10.Kb1 a5 11.Ng3 a4 12.Nh5 f6 13.Be3
b4 14.Ne2 b3 15.Nxg7 a3 16.cxb3 Na6 17.Bh6 Nb4 18.Qe3 Nxd3 19.Ne6
Nf5 20.Qxd3 Bxe6 21.Bxf8 Bxf8 22.g4 Nd6 23.f3 Bf7 24.Ng3 Qa5
25.Rd2 Kh8 26.Rc2 axb2 27.a4 Qb4 28.Rxb2 Rb8 29.Qc2 Qxd4 30.Rd1
Qe5 31.Qe2 Bg6+ 32.Ka2 Qf4 33.Nh5 Qb4 34.Nxf6 Nc4 35.Rd3 Qa3+
36.Kb1 Bxd3+ 37.Qxd3 Qxb2# 0-1

[Event "Moscow Open 2009 B"]
[Site "www.moscowchessopen.ru"]
[Date "2009.02.03"]
[Round "4.45"]
[White "Velikanov, Igor"]
[Black "Bereznev, Andrey"]
[Result "0-1"]
[WhiteElo "2292"]
[BlackElo "2122"]
[Annotator ""]
[Source ""]
[Remark ""]

1.d4 d5 2.Nf3 Nf6 3.c4 e6 4.g3 Bb4+ 5.Bd2 Be7 6.Bg2 O-O 7.O-O
c6 8.Qc2 b6 9.Rd1 Bb7 10.Bf4 Nbd7 11.cxd5 exd5 12.Nc3 Nh5 13.Bd2
Rc8 14.Bh3 Nhf6 15.Bf4 Ra8 16.Rac1 a6 17.Ne5 Ra7 18.Qb3 b5 19.Nxd7
Nxd7 20.Qc2 Nf6 21.Bg5 h6 22.Bxf6 Bxf6 23.e3 Re8 24.Ne2 Qd6 25.Qc5
Qxc5 26.Rxc5 Bc8 27.Bxc8 Rxc8 28.Rdc1 Rac7 29.Nf4 Bd8 30.R5c2
a5 31.Nd3 Bf6 32.Nc5 Ra8 33.Nb3 Ra6 34.Rc5 Bd8 35.Nd2 Kf8 36.Nf3
f6 37.h4 h5 38.Ne1 g6 39.Nd3 g5 40.hxg5 fxg5 41.Ne5 Bf6 42.Rxc6
Raxc6 43.Nxc6 Be7 44.Rc3 b4 45.Rc2 Bd6 46.f4 Ke8 47.fxg5 Bxg3
48.Kg2 Bd6 49.Kh3 Kd7 50.Nb8+ Ke7 51.Rxc7+ Bxc7 52.Na6 Bd6 53.Kh4
Bh2 54.Nc7 Bxc7 55.Kxh5 Kf7 56.g6+ Kg7 57.Kg5 a4 58.b3 axb3 59.axb3
Bg3 60.Kf5 Bf2 61.Ke5 Bxe3 62.Kxd5 Kxg6 63.Kc5 Bd2 0-1

[Event "Moscow Open 2009 B"]
[Site "www.moscowchessopen.ru"]
[Date "2009.02.03"]
[Round "4.46"]
[White "Birjukov, Sergey"]
[Black "Tangatarov, Timur"]
[Result "1-0"]
[WhiteElo "2287"]
[BlackElo "2121"]
[Annotator ""]
[Source ""]
[Remark ""]

1.d4 d5 2.c4 c6 3.Nf3 Nf6 4.Qc2 e6 5.g3 Bd6 6.Bg2 Nbd7 7.Nbd2
O-O 8.O-O e5 9.cxd5 Nxd5 10.Nc4 Qe7 11.Nxd6 Qxd6 12.Rd1 exd4
13.Rxd4 Qc5 14.Rc4 Qd6 15.e4 N5b6 16.Bf4 Qe7 17.Rd4 Re8 18.Rad1
Nf8 19.Bd6 Qf6 20.e5 Qg6 21.Qd2 h6 22.Nh4 Qe6 23.a4 Nc4 24.Qb4
Nxd6 25.exd6 g5 26.Re4 Qd7 27.Nf5 Rxe4 28.Bxe4 Qe6 29.Qd4 f6
30.Ne7+ Kg7 31.Bf5 1-0

[Event "Moscow Open 2009 B"]
[Site "www.moscowchessopen.ru"]
[Date "2009.02.03"]
[Round "4.47"]
[White "Saraev, Anton"]
[Black "Bronnikov, Konstantin"]
[Result "0-1"]
[WhiteElo "2119"]
[BlackElo "2285"]
[Annotator ""]
[Source ""]
[Remark ""]

1.e4 c5 2.Nf3 d6 3.d4 cxd4 4.Nxd4 Nf6 5.Nc3 Nc6 6.Bg5 Bd7 7.Nxc6
Bxc6 8.f3 Qb6 9.Rb1 e6 10.Bd3 Be7 11.Qe2 Nxe4 12.Nxe4 Bxe4 13.Bxe4
Bxg5 14.Kf1 O-O 15.g3 d5 16.Bd3 Be3 17.Re1 d4 18.c4 f5 19.Qc2
g6 0-1

[Event "Moscow Open 2009 B"]
[Site "www.moscowchessopen.ru"]
[Date "2009.02.03"]
[Round "4.49"]
[White "Kirillov, Igor"]
[Black "Rasstriguine, Andrei"]
[Result "1-0"]
[WhiteElo "2277"]
[BlackElo "2111"]
[Annotator ""]
[Source ""]
[Remark ""]

1.e4 c6 2.d4 d5 3.exd5 cxd5 4.c4 Nf6 5.Nc3 e6 6.Nf3 Be7 7.cxd5
Nxd5 8.Bd3 Nc6 9.O-O Bf6 10.Re1 O-O 11.Be4 Nxc3 12.bxc3 Qa5 13.Qc2
g6 14.a4 Bd7 15.Rb1 Qc7 16.h4 Rac8 17.Bh6 Bg7 18.Bxg7 Kxg7 19.c4
b6 20.c5 Ne7 21.Rec1 bxc5 22.dxc5 Bc6 23.Nd4 Qe5 24.Nxc6 Nxc6
25.Bd3 Rfd8 26.Rb7 Rd4 27.Bb5 Rxh4 28.Qc3 Qxc3 29.Rxc3 Rh5 30.Ba6
Rd8 31.Rc1 Rd4 32.g3 Na5 33.c6 Nxc6 34.Rxc6 Rxa4 35.Rxe6 1-0

[Event "Moscow Open 2009 B"]
[Site "www.moscowchessopen.ru"]
[Date "2009.02.03"]
[Round "4.50"]
[White "Gankin, Stanislav"]
[Black "Smotriakov, Arkady"]
[Result "1-0"]
[WhiteElo "2275"]
[BlackElo "2101"]
[Annotator ""]
[Source ""]
[Remark ""]

1.e4 c5 2.c3 Nf6 3.e5 Nd5 4.d4 cxd4 5.Qxd4 e6 6.Nf3 Nc6 7.Qe4
f5 8.Qe2 Be7 9.c4 Nc7 10.b3 O-O 11.Bb2 a5 12.g3 Na6 13.Bg2 Nc5
14.O-O a4 15.Nbd2 Qb6 16.Bc3 a3 17.Nd4 Nb4 18.Nb5 Ncd3 19.Nf3
Bc5 20.Nfd4 f4 21.Be4 Nxe5 22.Qh5 Ng6 23.Nf3 Rf5 24.Ng5 Rxg5
25.Qxg5 Be7 26.Qh5 e5 27.Bxg6 hxg6 28.Qxe5 Bf6 29.Qe8+ Kh7 30.Bxb4
d5 31.Rad1 dxc4 32.bxc4 Bh3 33.Qe4 fxg3 34.hxg3 Bf5 35.Qh1+ Kg8
36.Rd6 1-0

[Event "Moscow Open 2009 B"]
[Site "www.moscowchessopen.ru"]
[Date "2009.02.03"]
[Round "4.51"]
[White "Vetryansky, Vladimir"]
[Black "Pechnikov, Artiom"]
[Result "1-0"]
[WhiteElo "2114"]
[BlackElo "2267"]
[Annotator ""]
[Source ""]
[Remark ""]

1.e4 c5 2.Nf3 Nc6 3.d4 cxd4 4.Nxd4 Nf6 5.Nc3 e5 6.Ndb5 d6 7.Bg5
a6 8.Na3 b5 9.Bxf6 gxf6 10.Nd5 f5 11.c3 Bg7 12.Bd3 Be6 13.O-O
O-O 14.Nc2 Rc8 15.Ndb4 Nxb4 16.Nxb4 fxe4 17.Bxe4 d5 18.Nxd5 f5
19.Bf3 Rc5 20.Re1 Qg5 21.g3 Bf7 22.Bg2 Rb8 23.Rc1 e4 24.f4 Qd8
25.Ne3 Qb6 26.Kh1 b4 27.g4 bxc3 28.bxc3 Bxc3 29.Rg1 Bd4 30.Rb1
Qxb1 31.Qxd4 Qd3 32.Qf6 Qxe3 33.gxf5 Qxf4 34.Bh3+ Kf8 35.Qh8+
Ke7 36.Qxb8 e3 37.f6+ Qxf6 38.Qb7+ Kf8 39.Qb8+ Ke7 40.Qb7+ Ke8
41.Bd7+ Kd8 42.Bc6 Qe6 43.Qb8+ Ke7 44.Qc7+ Kf6 45.Qd8+ Ke5 46.Qg5+
Kd4 47.Qf4+ Kc3 48.Bf3 Bg6 49.Qa4 Qf5 50.Qb3+ Kd4 51.Qb2+ Kc4
52.Rc1+ Kd3 53.Rd1+ 1-0

[Event "Moscow Open 2009 B"]
[Site "www.moscowchessopen.ru"]
[Date "2009.02.03"]
[Round "4.52"]
[White "Uliashev, Pavel"]
[Black "Ustinov, Alexey"]
[Result "1-0"]
[WhiteElo "2267"]
[BlackElo "2099"]
[Annotator ""]
[Source ""]
[Remark ""]

1.d4 d5 2.c4 c6 3.Nc3 e6 4.e3 Nf6 5.Nf3 Nbd7 6.Qc2 Bd6 7.g4 Nxg4
8.Rg1 Nxh2 9.Nxh2 Bxh2 10.Rxg7 Qh4 11.Bd2 Nf6 12.O-O-O Bd6 13.Be2
Bd7 14.Rgg1 Ne4 15.Rh1 Qxf2 16.Rdf1 Qg2 17.Nxe4 Qxe4 18.Bd3 Qg2
19.c5 Bc7 20.Qd1 Qg7 21.Qh5 e5 22.Rhg1 Qf8 23.e4 exd4 24.b4 O-O-O
25.Rxf7 Qe8 26.exd5 cxd5 27.Rgg7 Be5 28.Rg5 Be6 29.Rxh7 Rxh7
30.Qxh7 Bf6 31.Rg6 Qa4 32.Rxf6 Bg4 33.Bf5+ Bxf5 34.Qxf5+ Kb8
35.Rf8 Re8 36.Qe5+ 1-0

[Event "Moscow Open 2009 B"]
[Site "www.moscowchessopen.ru"]
[Date "2009.02.03"]
[Round "4.53"]
[White "Voronkov, Leonid"]
[Black "Gulevich, Artem"]
[Result "0-1"]
[WhiteElo "2109"]
[BlackElo "2264"]
[Annotator ""]
[Source ""]
[Remark ""]

1.e4 c5 2.Nf3 Nc6 3.d4 cxd4 4.Nxd4 Qb6 5.Nb3 Nf6 6.Nc3 e6 7.Bf4
Bb4 8.Bd3 d5 9.exd5 Nxd5 10.Bd2 Nxc3 11.bxc3 Be7 12.O-O O-O 13.Rb1
Qc7 14.f4 Bf6 15.Nc5 g6 16.Ne4 Bg7 17.Qe1 Qe7 18.Qg3 h6 19.c4
Kh7 20.c5 Rd8 21.Rbe1 f5 22.Nd6 b6 23.Nxf5 gxf5 24.Bxf5+ Kh8
25.Qg6 Qxc5+ 26.Be3 exf5 0-1

[Event "Moscow Open 2009 B"]
[Site "www.moscowchessopen.ru"]
[Date "2009.02.03"]
[Round "4.54"]
[White "Tappyrov, Maksim"]
[Black "Kasyanov, Aysen"]
[Result "1/2-1/2"]
[WhiteElo "2101"]
[BlackElo "2257"]
[Annotator ""]
[Source ""]
[Remark ""]

1.e4 e5 2.Nf3 Nc6 3.Bc4 Nf6 4.d3 Be7 5.Nc3 d6 6.h3 O-O 7.O-O
Na5 8.Bb3 Nxb3 9.axb3 a6 10.Nh2 d5 11.exd5 Nxd5 12.Nxd5 Qxd5
13.f4 Bc5+ 1/2-1/2

[Event "Moscow Open 2009 B"]
[Site "www.moscowchessopen.ru"]
[Date "2009.02.03"]
[Round "4.55"]
[White "Petukhov, Yury"]
[Black "Oleinikov, Dmitrij"]
[Result "1-0"]
[WhiteElo "2098"]
[BlackElo "2256"]
[Annotator ""]
[Source ""]
[Remark ""]

1.c3 d5 2.d4 Nf6 3.Bf4 Bf5 4.e3 e6 5.Nf3 Be7 6.h3 Nbd7 7.Nbd2
c5 8.Nh4 Bg6 9.Nxg6 hxg6 10.Nf3 Qb6 11.Qb3 c4 12.Qxb6 axb6 13.a3
b5 14.Rc1 Ne4 15.g4 g5 16.Bh2 f5 17.gxf5 exf5 18.Rg1 Kf7 19.Ne5+
Nxe5 20.Bxe5 Bxa3 21.bxa3 Rxa3 22.f3 Nxc3 23.Rxg5 Rg8 24.Bd6
Rb3 25.Ra1 Na4 26.e4 fxe4 27.Rxd5 Nb6 28.Re5 Re8 29.Ra7 Rxe5
30.Rxb7+ Ke6 31.Bxe5 Nd5 32.fxe4 Nc3 33.Rxb5 Rxb5 34.Bxc4+ Ke7
35.Bxb5 Nxb5 36.Kd2 1-0

[Event "Moscow Open 2009 B"]
[Site "www.moscowchessopen.ru"]
[Date "2009.02.03"]
[Round "4.56"]
[White "Samatov, Anatolij"]
[Black "Ryzhov, Vladimir"]
[Result "0-1"]
[WhiteElo "2098"]
[BlackElo "2246"]
[Annotator ""]
[Source ""]
[Remark ""]

1.Nf3 f5 2.d4 Nf6 3.g3 e6 4.Bg2 d5 5.O-O Be7 6.c4 O-O 7.Qc2 Nc6
8.a3 a5 9.Bf4 Ne4 10.h4 h6 11.cxd5 exd5 12.Be5 g5 13.hxg5 hxg5
14.Nc3 g4 15.Nh2 Nxe5 16.dxe5 c6 17.Rfd1 Qe8 18.Nxe4 fxe4 19.e3
Bd8 20.Bxe4 dxe4 21.Qxe4 Bf5 22.Qd4 Qh5 23.f3 gxf3 24.g4 Qh3
25.Rd2 Be6 26.Rf1 Bh4 27.Qe4 f2+ 28.Kh1 Kg7 0-1

[Event "Moscow Open 2009 B"]
[Site "www.moscowchessopen.ru"]
[Date "2009.02.03"]
[Round "4.57"]
[White "Chirva, Leonid"]
[Black "Zhuravliev, Vladilen"]
[Result "1-0"]
[WhiteElo "2245"]
[BlackElo "2097"]
[Annotator ""]
[Source ""]
[Remark ""]

1.e4 e5 2.f4 c5 3.Nf3 d6 4.Nc3 Nc6 5.d3 Nf6 6.Be2 Bg4 7.O-O Qd7
8.Nd5 Nxd5 9.exd5 Bxf3 10.Bxf3 Nd4 11.Bg4 f5 12.Bh3 Qa4 13.b3
Nxb3 14.c3 c4 15.fxe5 g6 16.d4 Qa5 17.Rb1 Qxa2 18.Bg5 Be7 19.Bxe7
Kxe7 20.Qe1 Rae8 21.Qh4+ Kd7 22.Qf6 dxe5 23.dxe5 Qa6 24.d6 Qc6
25.Rxf5 Qc5+ 26.Rf2+ Kc6 27.d7+ Kc7 28.dxe8Q Rxe8 29.e6 a5 30.Qf7+
Re7 31.Qxe7+ Qxe7 32.Rf7 Kd6 33.Rd1+ 1-0

[Event "Moscow Open 2009 B"]
[Site "www.moscowchessopen.ru"]
[Date "2009.02.03"]
[Round "4.58"]
[White "Andreev, Gennadiy"]
[Black "Kuznetsov, Kirill"]
[Result "1-0"]
[WhiteElo "2095"]
[BlackElo "2245"]
[Annotator ""]
[Source ""]
[Remark ""]

1.e4 e5 2.Nf3 Nf6 3.Nc3 Nc6 4.Bc4 Nxe4 5.Nxe4 d5 6.Bb5 dxe4 7.Nxe5
Qd5 8.Bxc6+ bxc6 9.Ng4 Ba6 10.Ne3 Qe6 11.Qg4 Qxg4 12.Nxg4 Bd6
13.Ne3 O-O 14.g4 Be5 15.Rb1 h5 16.h3 hxg4 17.hxg4 f6 18.b3 Kf7
19.c4 Rh8 20.Rg1 Bh2 21.Rg2 Bf4 22.Ke2 Rh1 23.Nf1 Rb8 24.Rb2
Rbh8 25.Rc2 R8h4 26.Ne3 Bc8 27.f3 c5 28.fxe4 Bxe3 29.Kxe3 Bxg4
30.d3 Bd1 31.Rc3 R1h3+ 32.Kd2 Bf3 33.Rf2 Rh5 34.Ba3 Bg4 35.Rc2
Rg3 36.Kc3 Re5 37.Rg2 Rxg2 38.Rxg2 f5 39.exf5 Bxf5 40.Kd2 Bg6
41.Rf2+ Ke6 42.Bb2 Rg5 43.Re2+ Kf7 44.Rf2+ Kg8 45.d4 cxd4 46.Bxd4
Bh5 47.b4 a6 48.a4 Rg4 49.Kc3 Rg3+ 50.Kb2 Rg4 51.Rd2 Bf7 52.Kc3
Rg3+ 53.Rd3 Rg2 54.b5 a5 55.Be5 Rg5 56.Bd4 Rg2 57.c5 Bg6 58.Re3
Kf7 59.b6 cxb6 60.cxb6 Rc2+ 61.Kb3 Rc8 62.Re5 Bc2+ 63.Ka3 Rc4
64.Rxa5 Be4 65.Ra7+ Ke6 66.Bxg7 Bd5 67.b7 Bxb7 68.Rxb7 Kd6 69.a5
Kc6 70.Rb6+ Kc7 71.Be5+ 1-0

[Event "Moscow Open 2009 B"]
[Site "www.moscowchessopen.ru"]
[Date "2009.02.03"]
[Round "4.59"]
[White "Matveev, Mikhail"]
[Black "Andronov, Ilya"]
[Result "1/2-1/2"]
[WhiteElo "2245"]
[BlackElo "2091"]
[Annotator ""]
[Source ""]
[Remark ""]

1.e4 c5 2.Nf3 e6 3.d4 cxd4 4.Nxd4 Nf6 5.Nc3 d6 6.Be2 Be7 7.O-O
O-O 8.f4 a6 9.a4 Nc6 10.Be3 Qc7 11.Kh1 Re8 12.a5 Nxa5 13.e5 dxe5
14.fxe5 Qxe5 15.Bf4 Qc5 16.Na4 Qa7 17.Bc7 b5 18.Nb6 Qxc7 19.Nxa8
Qc5 20.Rxa5 Rd8 21.Nb3 Rxd1 22.Nxc5 Rxf1+ 23.Bxf1 Bxc5 24.Ra1
Bb7 25.Nc7 Ne4 26.Be2 Nf2+ 27.Kg1 Ng4+ 28.Kh1 Nf2+ 1/2-1/2